Research and development in industry, 1978 : Funds, 1978 scientists and engineers

Đã lưu trong:
Bibliografiske detaljer
Format: Bog
Sprog:Undetermined
Udgivet: Washington National Science Foundation 1978
Fag:
Tags: Tilføj Tag
Ingen Tags, Vær først til at tagge denne postø!
Thư viện lưu trữ: Trung tâm Học liệu Trường Đại học Cần Thơ
LEADER 00550nam a2200193Ia 4500
001 CTU_98588
008 210402s9999 xx 000 0 und d
082 |a 607.273 
082 |b R432 
245 0 |a Research and development in industry, 1978 : 
245 0 |b Funds, 1978 scientists and engineers 
260 |a Washington 
260 |b National Science Foundation 
260 |c 1978 
650 |a Research, industrial 
650 |x Statistics 
650 |z United States 
904 |i Truc 
980 |a Trung tâm Học liệu Trường Đại học Cần Thơ